01018cam a2200265 a 450000100100000000500170001000800410002702000150006804000230008308200170010610000370012324500940016026000320025430000280028649000290031450400530034365000290039665000310042560000550045670000310051183000370054291000380057995201200061799900150073700000548120200929151705.0991020s1999 sp a b 001 p spa  a8437617502 aDO-SdBNPcDLCdDLC a861.6bC415u1 aCernuda, Luis,d1902-196391555310aUn río, un amor :bLos placeres prohibidos /cLuis Cernuda ; edición de Derek Harris. aMadrid :bCátedra,c1999. a173 p. :bil. ;c18 cm.1 aLetras hispánicasv473 aIncluye referencias bibliográficas (p. 43-45). 4aPoesía española9631 4aLiteratura española963210aCERNUDA, LUISxCRÍTICA E INTERPRETACIÓN9119431 aHarris, Derek,eed.915554 0aLetras hispánicas ;v47394208 aCatalogación por copia / LCbWM 001052708MOaGRbGRcHDd2009-08-19iLF1l0o861.6 C415up5481-10r2020-06-25w2020-06-25y2ZPréstamo interno c5280d5280